000
00337nam a2200121Ia 4500
008
180117s9999 xx 000 0 und d
100
_a
by Karenina Yaptinchay-Gella
245
_a
Never Too Far Away Home
260
_c
2016
300
_a
14-16 pages, 2016 December 25
440
_a
Philippine Panorama
650
_a
TOO FAR AWAY FROM HOME
999
_c
353474
_d
353474